MARC

LEADER 00000nam2a2200000 4500
001 341003
005 20231102005311.0
035 |a (RuTPU)RU\TPU\book\368191 
035 |a RU\TPU\book\367308 
090 |a 341003 
100 |a 20180517d2017 k y0rusy50 ca 
101 0 |a rus  |a eng 
102 |a RU 
105 |a a z 001zy 
200 0 |a № 4 (90) 
210 |d 2017 
215 |a 143 с.  |c ил. 
320 |a Библиография в конце статей 
461 1 |0 (RuTPU)RU\TPU\book\1884  |t Сборник научных трудов НГТУ  |f Новосибирский государственный технический университет (НГТУ)  |v № 4 (90)  |d 1995-  
606 1 |a Автоматика  |2 stltpush  |3 (RuTPU)RU\TPU\subj\749  |9 29560 
610 1 |a автоматическое управление 
610 1 |a идентификация 
610 1 |a информационные технологии 
610 1 |a информация 
610 1 |a обработка информации 
610 1 |a одноканальные системы 
610 1 |a синтез 
610 1 |a полиноминальные методы 
610 1 |a робототехника 
610 1 |a искусственные суставы 
610 1 |a гидроакустические каналы 
610 1 |a дистанция 
610 1 |a измерение 
610 1 |a измерительная аппаратура 
610 1 |a нейронные сети 
610 1 |a числа 
610 1 |a сложение 
610 1 |a бинарное представление 
610 1 |a голосовые команды 
610 1 |a звуковой спектр 
610 1 |a Интернет 
610 1 |a информационная безопасность 
675 |a 681.51  |v 4 
801 1 |a RU  |b 63413507  |c 20171128 
801 2 |a RU  |b 63413507  |c 20231009  |g RCR 
942 |c BK